[Event "Top 12 2021"]
[Site "Chalons en Champagne, France"]
[Date "2021.06.26"]
[Round "3.24"]
[White "Auvray, Juliette PAR"]
[Black "Steil-Antoni, Fiona VAN"]
[Result "0-1"]
[WhiteElo "2010"]
[BlackElo "2129"]

1. e4 {[%clk 01:30:58]} {[%emt 00:00:02]} c6 {[%clk 01:30:53]} {[%emt
00:00:07]} 2. d4 {[%clk 01:31:20]} {[%emt 00:00:08]} d5 {[%clk 01:31:18]}
{[%emt 00:00:05]} 3. f3 {[%clk 01:31:40]} {[%emt 00:00:10]} e6 {[%clk
01:31:05]} {[%emt 00:00:43]} 4. Nc3 {[%clk 01:31:27]} {[%emt 00:00:43]} Bb4
{[%clk 01:29:56]} {[%emt 00:01:39]} 5. Bf4 {[%clk 01:27:34]} {[%emt 00:04:24]}
Ne7 {[%clk 01:28:42]} {[%emt 00:01:43]} 6. a3 {[%clk 01:16:09]} {[%emt
00:11:56]} Ba5 {[%clk 01:25:25]} {[%emt 00:03:47]} 7. b4 {[%clk 01:09:05]}
{[%emt 00:07:34]} Bc7 {[%clk 01:24:56]} {[%emt 00:00:58]} 8. Nge2 {[%clk
01:00:58]} {[%emt 00:08:37]} h5 {[%clk 01:18:28]} {[%emt 00:06:59]} 9. Qd2
{[%clk 00:57:03]} {[%emt 00:04:25]} b6 {[%clk 01:14:51]} {[%emt 00:04:06]} 10.
Bxc7 {[%clk 00:53:08]} {[%emt 00:04:26]} Qxc7 {[%clk 01:15:12]} {[%emt
00:00:09]} 11. Qg5 {[%clk 00:50:37]} {[%emt 00:03:00]} Ng6 {[%clk 01:13:00]}
{[%emt 00:02:43]} 12. Qe3 {[%clk 00:32:17]} {[%emt 00:18:50]} Kf8 {[%clk
01:10:26]} {[%emt 00:03:03]} 13. b5 {[%clk 00:29:12]} {[%emt 00:03:36]} Bb7
{[%clk 01:05:53]} {[%emt 00:05:02]} 14. bxc6 {[%clk 00:27:22]} {[%emt
00:02:20]} Bxc6 {[%clk 01:04:01]} {[%emt 00:02:22]} 15. e5 {[%clk 00:26:03]}
{[%emt 00:01:50]} Nd7 {[%clk 00:58:46]} {[%emt 00:05:45]} 16. f4 {[%clk
00:21:45]} {[%emt 00:04:48]} Ne7 {[%clk 00:57:56]} {[%emt 00:01:19]} 17. g3
{[%clk 00:18:16]} {[%emt 00:04:00]} Bb7 {[%clk 00:54:46]} {[%emt 00:03:39]} 18.
Qd3 {[%clk 00:14:56]} {[%emt 00:03:51]} a6 {[%clk 00:52:38]} {[%emt 00:02:38]}
19. Bh3 {[%clk 00:13:01]} {[%emt 00:02:26]} g6 {[%clk 00:51:32]} {[%emt
00:01:35]} 20. g4 {[%clk 00:11:22]} {[%emt 00:02:09]} hxg4 {[%clk 00:51:08]}
{[%emt 00:00:54]} 21. Bxg4 {[%clk 00:11:43]} {[%emt 00:00:09]} Rc8 {[%clk
00:50:23]} {[%emt 00:01:14]} 22. h4 {[%clk 00:10:28]} {[%emt 00:01:46]} b5
{[%clk 00:48:16]} {[%emt 00:02:37]} 23. Kf2 {[%clk 00:08:50]} {[%emt 00:02:08]}
Qc4 {[%clk 00:36:12]} {[%emt 00:12:33]} 24. Qe3 {[%clk 00:07:38]} {[%emt
00:01:42]} a5 {[%clk 00:35:17]} {[%emt 00:01:24]} 25. h5 {[%clk 00:06:28]}
{[%emt 00:01:41]} gxh5 {[%clk 00:34:55]} {[%emt 00:00:53]} 26. f5 {[%clk
00:05:11]} {[%emt 00:01:47]} Nxf5 {[%clk 00:28:56]} {[%emt 00:06:29]} 27. Bxf5
{[%clk 00:05:15]} {[%emt 00:00:26]} exf5 {[%clk 00:29:24]} {[%emt 00:00:01]} 28.
Qf4 {[%clk 00:02:59]} {[%emt 00:02:46]} b4 {[%clk 00:27:03]} {[%emt 00:02:51]}
29. axb4 {[%clk 00:03:25]} {[%emt 00:00:03]} axb4 {[%clk 00:27:14]} {[%emt
00:00:19]} 30. Qxf5 {[%clk 00:02:34]} {[%emt 00:01:21]} Ke8 {[%clk 00:26:01]}
{[%emt 00:01:44]} 31. Ra7 {[%clk 00:01:41]} {[%emt 00:01:23]} Qc6 {[%clk
00:19:33]} {[%emt 00:06:57]} 32. Nd1 {[%clk 00:01:39]} {[%emt 00:00:32]} Ba6
{[%clk 00:17:05]} {[%emt 00:02:57]} 33. Ne3 {[%clk 00:01:21]} {[%emt 00:00:49]}
Bxe2 {[%clk 00:14:49]} {[%emt 00:02:46]} 34. Kxe2 {[%clk 00:01:42]} {[%emt
00:00:10]} h4 {[%clk 00:11:45]} {[%emt 00:03:34]} 35. Rf1 {[%clk 00:01:57]}
{[%emt 00:00:15]} Qe6 {[%clk 00:10:50]} {[%emt 00:01:25]} 36. Kd2 {[%clk
00:00:39]} {[%emt 00:01:48]} h3 {[%clk 00:09:48]} {[%emt 00:01:32]} 37. Qf2
{[%clk 00:00:36]} {[%emt 00:00:34]} h2 {[%clk 00:06:59]} {[%emt 00:03:19]} 38.
Nf5 {[%clk 00:00:45]} {[%emt 00:00:20]} Rh7 {[%clk 00:04:43]} {[%emt 00:02:46]}
39. Nd6+ {[%clk 00:00:45]} {[%emt 00:00:31]} Kd8 {[%clk 00:05:01]} {[%emt
00:00:11]} 40. Nb7+ {[%clk 00:31:06]} {[%emt 00:00:10]} Ke7 {[%clk 00:34:11]}
{[%emt 00:01:20]} 41. Nd6 {[%clk 00:13:55]} {[%emt 00:17:40]} Qh6+ {[%clk
00:31:20]} {[%emt 00:03:21]} 42. Kd1 {[%clk 00:12:47]} {[%emt 00:01:38]} Qh5+
{[%clk 00:31:08]} {[%emt 00:00:42]} 43. Kd2 {[%clk 00:10:25]} {[%emt 00:02:53]}
Qg5+ {[%clk 00:28:50]} {[%emt 00:02:48]} 44. Kd1 {[%clk 00:10:03]} {[%emt
00:00:52]} h1=Q {[%clk 00:27:05]} {[%emt 00:02:15]} 45. Nxc8+ {[%clk 00:06:27]}
{[%emt 00:04:06]} Kd8 {[%clk 00:27:08]} {[%emt 00:00:26]} 46. Rxh1 {[%clk
00:05:31]} {[%emt 00:01:27]} Rxh1+ {[%clk 00:27:30]} {[%emt 00:00:08]} 47. Ke2
{[%clk 00:05:55]} {[%emt 00:00:07]} Qh5+ {[%clk 00:26:39]} {[%emt 00:01:20]} 48.
Ke3 {[%clk 00:04:42]} {[%emt 00:01:44]} Rh3+ {[%clk 00:25:59]} {[%emt
00:01:10]} 49. Kf4 {[%clk 00:04:37]} {[%emt 00:00:35]} Nf8 {[%clk 00:22:27]}
{[%emt 00:04:02]} 0-1

[Event "Top 12 2021"]
[Site "Chalons en Champagne, France"]
[Date "2021.06.26"]
[Round "3.25"]
[White "Rodshtein, Maxim BIS"]
[Black "Bluebaum, Matthias MUL"]
[Result "1/2-1/2"]
[WhiteElo "2614"]
[BlackElo "2669"]

1. Nf3 {[%clk 01:30:55]} {[%emt 00:00:04]} d5 {[%clk 01:30:37]} {[%emt
00:00:23]} 2. g3 {[%clk 01:31:03]} {[%emt 00:00:22]} Nf6 {[%clk 01:29:39]}
{[%emt 00:01:28]} 3. Bg2 {[%clk 01:31:08]} {[%emt 00:00:25]} c5 {[%clk
01:30:05]} {[%emt 00:00:05]} 4. O-O {[%clk 01:30:47]} {[%emt 00:00:50]} g6
{[%clk 01:30:09]} {[%emt 00:00:26]} 5. d3 {[%clk 01:22:19]} {[%emt 00:08:58]}
Bg7 {[%clk 01:29:46]} {[%emt 00:00:52]} 6. Nbd2 {[%clk 01:22:41]} {[%emt
00:00:08]} O-O {[%clk 01:29:49]} {[%emt 00:00:27]} 7. e4 {[%clk 01:23:00]}
{[%emt 00:00:11]} e6 {[%clk 01:28:54]} {[%emt 00:01:25]} 8. Re1 {[%clk
01:22:06]} {[%emt 00:01:24]} Nc6 {[%clk 01:29:21]} {[%emt 00:00:04]} 9. c3
{[%clk 01:19:33]} {[%emt 00:03:03]} a5 {[%clk 01:29:33]} {[%emt 00:00:18]} 10.
a4 {[%clk 01:12:06]} {[%emt 00:07:56]} b6 {[%clk 01:26:08]} {[%emt 00:03:55]}
11. Nf1 {[%clk 00:54:35]} {[%emt 00:18:01]} Ba6 {[%clk 01:12:05]} {[%emt
00:14:33]} 12. e5 {[%clk 00:42:48]} {[%emt 00:12:17]} Nd7 {[%clk 01:11:14]}
{[%emt 00:01:21]} 13. Bf4 {[%clk 00:42:34]} {[%emt 00:00:44]} Qb8 {[%clk
01:05:42]} {[%emt 00:06:03]} 14. h4 {[%clk 00:31:59]} {[%emt 00:11:05]} b5
{[%clk 01:03:49]} {[%emt 00:02:23]} 15. h5 {[%clk 00:28:56]} {[%emt 00:03:33]}
bxa4 {[%clk 00:56:29]} {[%emt 00:07:51]} 16. hxg6 {[%clk 00:27:33]} {[%emt
00:01:52]} hxg6 {[%clk 00:48:13]} {[%emt 00:08:46]} 17. Qe2 {[%clk 00:18:16]}
{[%emt 00:09:48]} Qb5 {[%clk 00:47:23]} {[%emt 00:01:20]} 18. Red1 {[%clk
00:17:45]} {[%emt 00:01:01]} Qb8 {[%clk 00:37:16]} {[%emt 00:10:37]} 19. Re1
{[%clk 00:18:08]} {[%emt 00:00:06]} Qb5 {[%clk 00:37:14]} {[%emt 00:00:32]} 20.
Red1 {[%clk 00:16:35]} {[%emt 00:02:03]} Qb8 {[%clk 00:36:38]} {[%emt
00:01:06]} 21. Re1 {[%emt 00:00:08]} 1/2-1/2

[Event "Top 12 2021"]
[Site "Chalons en Champagne, France"]
[Date "2021.06.26"]
[Round "3.27"]
[White "Ragger, Markus BIS"]
[Black "Sokolov, Andrei MUL"]
[Result "1-0"]
[WhiteElo "2680"]
[BlackElo "2490"]

1. e4 {[%clk 01:30:57]} {[%emt 00:00:02]} c5 {[%clk 01:30:46]} {[%emt
00:00:15]} 2. Nf3 {[%clk 01:31:25]} {[%emt 00:00:02]} e6 {[%clk 01:31:06]}
{[%emt 00:00:10]} 3. d4 {[%clk 01:31:52]} {[%emt 00:00:03]} cxd4 {[%clk
01:31:31]} {[%emt 00:00:05]} 4. Nxd4 {[%clk 01:32:17]} {[%emt 00:00:05]} Nf6
{[%clk 01:31:49]} {[%emt 00:00:12]} 5. Nc3 {[%clk 01:32:36]} {[%emt 00:00:11]}
d6 {[%clk 01:32:10]} {[%emt 00:00:09]} 6. g4 {[%clk 01:32:46]} {[%emt
00:00:21]} h6 {[%clk 01:32:33]} {[%emt 00:00:07]} 7. Be3 {[%clk 01:32:52]}
{[%emt 00:00:23]} Nc6 {[%clk 01:29:31]} {[%emt 00:03:32]} 8. h3 {[%clk
01:32:52]} {[%emt 00:00:30]} Bd7 {[%clk 01:24:36]} {[%emt 00:05:26]} 9. f4
{[%clk 01:20:13]} {[%emt 00:13:09]} Be7 {[%clk 01:23:09]} {[%emt 00:01:56]} 10.
Qf3 {[%clk 01:16:20]} {[%emt 00:04:23]} Nxd4 {[%clk 00:45:42]} {[%emt
00:37:58]} 11. Bxd4 {[%clk 01:16:02]} {[%emt 00:00:48]} Qa5 {[%clk 00:45:41]}
{[%emt 00:00:31]} 12. O-O-O {[%clk 01:11:30]} {[%emt 00:05:01]} Rc8 {[%clk
00:40:56]} {[%emt 00:05:15]} 13. Qg3 {[%clk 00:54:53]} {[%emt 00:17:07]} g5
{[%clk 00:30:07]} {[%emt 00:11:18]} 14. fxg5 {[%clk 00:47:21]} {[%emt
00:08:03]} hxg5 {[%clk 00:21:33]} {[%emt 00:09:05]} 15. e5 {[%clk 00:44:08]}
{[%emt 00:03:44]} dxe5 {[%clk 00:15:46]} {[%emt 00:06:17]} 16. Bxe5 {[%clk
00:42:15]} {[%emt 00:02:23]} Bc6 {[%clk 00:15:42]} {[%emt 00:00:33]} 17. Rh2
{[%clk 00:42:19]} {[%emt 00:00:26]} Rh6 {[%clk 00:13:38]} {[%emt 00:02:35]} 18.
Kb1 {[%clk 00:37:17]} {[%emt 00:05:32]} Nd7 {[%clk 00:06:57]} {[%emt 00:07:11]}
19. Bd4 {[%clk 00:37:07]} {[%emt 00:00:39]} Bf6 {[%clk 00:06:49]} {[%emt
00:00:38]} 20. Rhd2 {[%clk 00:31:56]} {[%emt 00:05:41]} Bxd4 {[%clk 00:03:58]}
{[%emt 00:03:22]} 21. Rxd4 {[%clk 00:32:24]} {[%emt 00:00:01]} Rf6 {[%clk
00:03:07]} {[%emt 00:01:22]} 22. Bg2 {[%clk 00:18:14]} {[%emt 00:14:40]} Qe5
{[%clk 00:02:21]} {[%emt 00:01:15]} 23. Qd3 {[%clk 00:12:21]} {[%emt 00:06:23]}
Bxg2 {[%clk 00:01:09]} {[%emt 00:01:43]} 24. Rxd7 {[%clk 00:12:50]} {[%emt
00:00:01]} Kf8 {[%clk 00:01:00]} {[%emt 00:00:38]} 25. Qh7 {[%clk 00:12:39]}
{[%emt 00:00:41]} Rf4 {[%clk 00:00:40]} {[%emt 00:00:50]} 26. a3 {[%clk
00:07:07]} {[%emt 00:06:02]} Bc6 {[%clk 00:00:43]} {[%emt 00:00:27]} 27. Rd8+
{[%clk 00:06:42]} {[%emt 00:00:55]} Rxd8 {[%clk 00:00:56]} {[%emt 00:00:17]} 28.
Rxd8+ {[%clk 00:07:11]} {[%emt 00:00:01]} Ke7 {[%clk 00:00:59]} {[%emt
00:00:27]} 29. Qg8 {[%clk 00:07:12]} {[%emt 00:00:28]} Rf1+ {[%clk 00:00:36]}
{[%emt 00:00:53]} 30. Ka2 {[%clk 00:07:41]} Qf4 {[%clk 00:00:44]} {[%emt
00:00:23]} 31. Rc8 {[%clk 00:04:28]} {[%emt 00:03:43]} 1-0

[Event "Top 12 2021"]
[Site "Chalons en Champagne, France"]
[Date "2021.06.26"]
[Round "3.30"]
[White "Zachary, Matheo MUL"]
[Black "Le Roux, Jean-Pierre BIS"]
[Result "1/2-1/2"]
[WhiteElo "2334"]
[BlackElo "2524"]

1. e4 {[%clk 01:30:56]} {[%emt 00:00:03]} c6 {[%clk 01:30:43]} {[%emt
00:00:18]} 2. Nc3 {[%clk 01:31:01]} {[%emt 00:00:24]} d5 {[%clk 01:31:04]}
{[%emt 00:00:10]} 3. Nf3 {[%clk 01:31:22]} {[%emt 00:00:09]} g6 {[%clk
01:30:53]} {[%emt 00:00:41]} 4. d4 {[%clk 01:31:07]} {[%emt 00:00:44]} Bg7
{[%clk 01:31:06]} {[%emt 00:00:18]} 5. h3 {[%clk 01:31:01]} {[%emt 00:00:36]}
dxe4 {[%clk 01:30:52]} {[%emt 00:00:44]} 6. Nxe4 {[%clk 01:30:50]} {[%emt
00:00:41]} Nf6 {[%clk 01:31:10]} {[%emt 00:00:11]} 7. Bd3 {[%clk 01:29:40]}
{[%emt 00:01:40]} Nxe4 {[%clk 01:31:15]} {[%emt 00:00:26]} 8. Bxe4 {[%clk
01:30:05]} {[%emt 00:00:06]} O-O {[%clk 01:31:38]} {[%emt 00:00:06]} 9. O-O
{[%clk 01:28:53]} {[%emt 00:01:42]} Nd7 {[%clk 01:31:49]} {[%emt 00:00:19]} 10.
c3 {[%clk 01:25:23]} {[%emt 00:04:01]} c5 {[%clk 01:31:04]} {[%emt 00:01:15]}
11. dxc5 {[%clk 01:19:47]} {[%emt 00:06:06]} Nxc5 {[%clk 01:29:41]} {[%emt
00:01:53]} 12. Bc2 {[%clk 01:11:38]} {[%emt 00:08:39]} Qc7 {[%clk 01:24:55]}
{[%emt 00:05:15]} 13. Be3 {[%clk 01:10:22]} {[%emt 00:01:46]} b6 {[%clk
01:22:21]} {[%emt 00:03:05]} 14. Re1 {[%clk 00:59:03]} {[%emt 00:11:49]} e5
{[%clk 01:12:34]} {[%emt 00:10:17]} 15. Bxc5 {[%clk 00:47:35]} {[%emt
00:11:59]} bxc5 {[%clk 01:09:04]} {[%emt 00:04:00]} 16. Qe2 {[%clk 00:46:21]}
{[%emt 00:01:44]} Qb6 {[%clk 00:44:31]} {[%emt 00:25:03]} 17. Bb3 {[%clk
00:38:33]} {[%emt 00:08:17]} Ba6 {[%clk 00:28:54]} {[%emt 00:16:07]} 18. Bc4
{[%clk 00:34:07]} {[%emt 00:04:57]} Bxc4 {[%clk 00:28:21]} {[%emt 00:01:03]} 19.
Qxc4 {[%clk 00:33:31]} {[%emt 00:01:06]} Qxb2 {[%clk 00:28:10]} {[%emt
00:00:41]} 20. Rab1 {[%clk 00:26:18]} {[%emt 00:07:43]} Qc2 {[%clk 00:28:24]}
{[%emt 00:00:17]} 21. Rb7 {[%clk 00:23:19]} {[%emt 00:03:29]} e4 {[%clk
00:23:44]} {[%emt 00:05:10]} 22. Rxe4 {[%clk 00:18:46]} {[%emt 00:05:04]} Qxc3
{[%clk 00:23:47]} {[%emt 00:00:27]} 23. Qxc3 {[%clk 00:16:00]} {[%emt
00:03:16]} Bxc3 {[%clk 00:24:12]} {[%emt 00:00:04]} 24. Rc4 {[%clk 00:16:25]}
{[%emt 00:00:04]} Bb4 {[%clk 00:20:14]} {[%emt 00:04:29]} 25. Ne5 {[%clk
00:15:32]} {[%emt 00:01:23]} a5 {[%clk 00:15:51]} {[%emt 00:04:53]} 26. Rf4
{[%clk 00:08:16]} {[%emt 00:07:47]} Bc3 {[%clk 00:14:47]} {[%emt 00:01:34]} 27.
Nd7 {[%clk 00:06:38]} {[%emt 00:02:08]} Rfd8 {[%clk 00:12:54]} {[%emt
00:02:22]} 28. g3 {[%clk 00:06:10]} {[%emt 00:00:59]} Rac8 {[%clk 00:08:37]}
{[%emt 00:04:46]} 29. Nf6+ {[%clk 00:04:34]} {[%emt 00:02:06]} Bxf6 {[%clk
00:08:15]} {[%emt 00:00:52]} 30. Rxf6 {[%clk 00:05:02]} {[%emt 00:00:01]} Rf8
{[%clk 00:07:57]} {[%emt 00:00:48]} 31. Rf3 {[%clk 00:04:56]} {[%emt 00:00:36]}
c4 {[%clk 00:07:35]} {[%emt 00:00:53]} 32. Rb2 {[%clk 00:03:33]} {[%emt
00:01:54]} Rc5 {[%clk 00:07:31]} {[%emt 00:00:33]} 33. Rc2 {[%clk 00:03:27]}
{[%emt 00:00:37]} Rfc8 {[%clk 00:07:12]} {[%emt 00:00:48]} 34. Rf4 {[%clk
00:03:07]} {[%emt 00:00:49]} Kg7 {[%clk 00:05:47]} {[%emt 00:01:56]} 35. Kg2
{[%clk 00:02:11]} {[%emt 00:01:26]} f5 {[%clk 00:05:03]} {[%emt 00:01:13]} 36.
Rd4 {[%clk 00:02:01]} {[%emt 00:00:41]} R8c7 {[%clk 00:05:08]} {[%emt
00:00:25]} 37. f4 {[%clk 00:02:05]} {[%emt 00:00:26]} Kf6 {[%clk 00:03:48]}
{[%emt 00:01:49]} 38. Kf3 {[%clk 00:02:24]} {[%emt 00:00:11]} R7c6 {[%clk
00:03:36]} {[%emt 00:00:42]} 39. Rc3 {[%clk 00:02:33]} {[%emt 00:00:21]} h6
{[%clk 00:03:15]} {[%emt 00:00:51]} 40. Rd8 {[%clk 00:31:49]} {[%emt 00:01:13]}
Ke7 {[%clk 00:31:00]} {[%emt 00:02:45]} 41. Rd4 {[%clk 00:30:42]} {[%emt
00:01:37]} g5 {[%clk 00:22:55]} {[%emt 00:08:36]} 42. Rc2 {[%clk 00:29:48]}
{[%emt 00:01:23]} c3 {[%clk 00:13:21]} {[%emt 00:10:05]} 43. Rd3 {[%clk
00:27:22]} {[%emt 00:02:56]} Rc4 {[%clk 00:13:03]} {[%emt 00:00:48]} 44. Rd5
{[%clk 00:25:31]} {[%emt 00:02:21]} R6c5 {[%clk 00:10:42]} {[%emt 00:02:51]} 45.
Re2+ {[%clk 00:25:07]} {[%emt 00:00:53]} Kf7 {[%clk 00:06:52]} {[%emt
00:04:20]} 46. Rd7+ {[%clk 00:25:29]} {[%emt 00:00:08]} Kf6 {[%clk 00:07:05]}
{[%emt 00:00:18]} 47. Rd6+ {[%clk 00:25:54]} {[%emt 00:00:06]} Kf7 {[%clk
00:07:32]} {[%emt 00:00:03]} 48. Rd7+ {[%clk 00:26:20]} {[%emt 00:00:03]} Kf6
{[%clk 00:07:55]} {[%emt 00:00:08]} 49. Rd6+ {[%emt 00:00:40]} 1/2-1/2

[Event "Top 12 2021"]
[Site "Chalons en Champagne, France"]
[Date "2021.06.26"]
[Round "3.31"]
[White "Bellahcene, Bilel BIS"]
[Black "Netzer, Jacques MUL"]
[Result "1-0"]
[WhiteElo "2499"]
[BlackElo "2269"]

1. d4 {[%clk 01:30:57]} {[%emt 00:00:02]} Nf6 {[%clk 01:30:48]} {[%emt
00:00:12]} 2. Nf3 {[%clk 01:31:24]} {[%emt 00:00:04]} e6 {[%clk 01:31:13]}
{[%emt 00:00:05]} 3. c4 {[%clk 01:31:48]} {[%emt 00:00:07]} Bb4+ {[%clk
01:31:37]} {[%emt 00:00:05]} 4. Nc3 {[%clk 01:32:12]} {[%emt 00:00:06]} d6
{[%clk 01:31:41]} {[%emt 00:00:26]} 5. Qc2 {[%clk 01:32:03]} {[%emt 00:00:39]}
Nbd7 {[%clk 01:30:19]} {[%emt 00:01:53]} 6. g3 {[%clk 01:27:34]} {[%emt
00:04:59]} b6 {[%clk 01:26:37]} {[%emt 00:04:12]} 7. Bg2 {[%clk 01:26:42]}
{[%emt 00:01:21]} Bb7 {[%clk 01:27:02]} {[%emt 00:00:05]} 8. O-O {[%clk
01:27:07]} {[%emt 00:00:04]} Bxc3 {[%clk 01:15:31]} {[%emt 00:12:02]} 9. Qxc3
{[%clk 01:27:31]} {[%emt 00:00:06]} a5 {[%clk 01:14:06]} {[%emt 00:01:55]} 10.
b3 {[%clk 01:27:35]} {[%emt 00:00:27]} O-O {[%clk 01:14:04]} {[%emt 00:00:32]}
11. Rd1 {[%clk 01:22:58]} {[%emt 00:05:07]} Qb8 {[%clk 01:10:31]} {[%emt
00:04:04]} 12. a4 {[%clk 01:22:00]} {[%emt 00:01:28]} Be4 {[%clk 01:04:04]}
{[%emt 00:06:57]} 13. Bf1 {[%clk 01:20:49]} {[%emt 00:01:41]} c6 {[%clk
00:56:34]} {[%emt 00:08:00]} 14. Bf4 {[%clk 01:17:01]} {[%emt 00:04:18]} Re8
{[%clk 00:51:26]} {[%emt 00:05:38]} 15. Nd2 {[%clk 01:15:30]} {[%emt 00:02:00]}
Bg6 {[%clk 00:48:15]} {[%emt 00:03:42]} 16. Bg2 {[%clk 01:15:50]} {[%emt
00:00:10]} e5 {[%clk 00:46:39]} {[%emt 00:02:06]} 17. dxe5 {[%clk 01:10:57]}
{[%emt 00:05:22]} dxe5 {[%clk 00:46:57]} {[%emt 00:00:13]} 18. Be3 {[%clk
01:11:23]} {[%emt 00:00:04]} Qc7 {[%clk 00:45:29]} {[%emt 00:01:58]} 19. h3
{[%clk 01:11:32]} {[%emt 00:00:21]} Rad8 {[%clk 00:45:38]} {[%emt 00:00:21]} 20.
b4 {[%clk 01:11:14]} {[%emt 00:00:47]} axb4 {[%clk 00:39:20]} {[%emt 00:06:49]}
21. Qxb4 {[%clk 01:11:41]} {[%emt 00:00:03]} c5 {[%clk 00:39:40]} {[%emt
00:00:09]} 22. Qb5 {[%clk 01:10:13]} {[%emt 00:01:57]} Nf8 {[%clk 00:37:01]}
{[%emt 00:03:09]} 23. a5 {[%clk 01:08:58]} {[%emt 00:01:46]} bxa5 {[%clk
00:36:05]} {[%emt 00:01:26]} 24. Bxc5 {[%clk 01:09:13]} {[%emt 00:00:16]} Re6
{[%clk 00:28:33]} {[%emt 00:08:03]} 25. Be3 {[%clk 01:08:33]} {[%emt 00:01:09]}
e4 {[%clk 00:19:22]} {[%emt 00:09:41]} 26. Rxa5 {[%clk 01:07:33]} {[%emt
00:01:31]} Rc6 {[%clk 00:19:29]} {[%emt 00:00:22]} 27. Rda1 {[%clk 01:07:03]}
{[%emt 00:01:00]} Ne6 {[%clk 00:17:20]} {[%emt 00:02:40]} 28. Ra7 {[%clk
01:06:52]} {[%emt 00:00:41]} Qd6 {[%clk 00:16:41]} {[%emt 00:01:09]} 29. Ra8
{[%clk 01:06:10]} {[%emt 00:01:12]} Rcc8 {[%clk 00:14:58]} {[%emt 00:02:14]} 30.
Rxc8 {[%clk 01:04:50]} {[%emt 00:01:49]} Rxc8 {[%clk 00:15:23]} {[%emt
00:00:04]} 31. Qb7 {[%clk 01:02:58]} {[%emt 00:02:22]} Qd7 {[%clk 00:14:14]}
{[%emt 00:01:39]} 32. Nxe4 {[%clk 00:42:47]} {[%emt 00:20:41]} Bxe4 {[%clk
00:10:46]} {[%emt 00:03:59]} 33. Bxe4 {[%clk 00:42:59]} {[%emt 00:00:18]} Qxb7
{[%clk 00:10:13]} {[%emt 00:01:04]} 34. Bxb7 {[%clk 00:43:26]} {[%emt
00:00:04]} Rxc4 {[%clk 00:10:38]} {[%emt 00:00:05]} 35. Ra8+ {[%clk 00:43:48]}
{[%emt 00:00:06]} Nf8 {[%clk 00:11:04]} {[%emt 00:00:05]} 36. Bf4 {[%clk
00:42:53]} {[%emt 00:01:25]} Rd4 {[%clk 00:11:08]} {[%emt 00:00:26]} 37. Kg2
{[%clk 00:43:16]} {[%emt 00:00:07]} N6d7 {[%clk 00:07:52]} {[%emt 00:03:46]} 38.
Bc6 {[%clk 00:42:36]} {[%emt 00:01:09]} Nb6 {[%clk 00:04:20]} {[%emt 00:04:03]}
39. Rb8 {[%clk 00:41:05]} {[%emt 00:02:02]} Nc4 {[%clk 00:01:43]} {[%emt
00:03:07]} 40. e4 {[%clk 01:11:29]} {[%emt 00:00:06]} 1-0